El cuerpo, el movimiento y el arte en la educación preescolar y primaria /
Obra que reflexiona sobre el lugar que debe ocupar el cuerpo y el movimiento corporal en una propuesta de educación integral en los primeros dos niveles de formación, que es cuando se producen las fases decisivas en términos de desarrollo psicomotriz y perceptual y cuando, a través de su cuerpo, el...
Uloženo v:
| Hlavní autor: | |
|---|---|
| Médium: | Kniha |
| Jazyk: | španělština |
| Vydáno: |
México :
Universidad Pedagógica Nacional, Dirección de Difusión y Extensión Universitaria,
2001, c2001
|
| Edice: | (Educarte ;
3) |
| Témata: | |
| Tagy: |
Žádné tagy, Buďte první, kdo vytvoří štítek k tomuto záznamu!
|
MARC
| LEADER | 00000nam^a2200000^a^4500 | ||
|---|---|---|---|
| 001 | 000174553 | ||
| 005 | 20250521000000.0 | ||
| 009 | 20260310101533.163 | ||
| 020 | |a 970-702-031-8 | ||
| 037 | |a Acervo ITESO - Biblioteca | ||
| 041 | |a ESP | ||
| 082 | |a 371. 33 |b EDU V. 3 | ||
| 100 | |a Pérez Vázquez, Laura Rebeca |e (autor) | ||
| 245 | 1 | 3 | |a El cuerpo, el movimiento y el arte en la educación preescolar y primaria / |c L.R. Pérez Vázquez. |
| 264 | 4 | |a México : |b Universidad Pedagógica Nacional, Dirección de Difusión y Extensión Universitaria, |c 2001, c2001 | |
| 300 | |a 61 p. | ||
| 336 | |a texto |b txt |2 rdacontenido | ||
| 337 | |a sin mediación |b n |2 rdamedio | ||
| 338 | |a volumen |b nc |2 rdasoporte | ||
| 440 | 1 | |a (Educarte ; |v 3) | |
| 520 | |a Obra que reflexiona sobre el lugar que debe ocupar el cuerpo y el movimiento corporal en una propuesta de educación integral en los primeros dos niveles de formación, que es cuando se producen las fases decisivas en términos de desarrollo psicomotriz y perceptual y cuando, a través de su cuerpo, el niño se sitúa en el mundo. | ||
| 649 | |a XX | ||
| 650 | |a Aprendizaje | ||
| 650 | |a Desarrollo Psicomotriz y Perceptual | ||
| 650 | |a Danza - |x Estudio y Enseñanza | ||
| 650 | |a Música - |x Estudio y Enseñanza | ||
| 650 | |a Artes Escénicas - |x Estudio y Enseñanza | ||
| 650 | |a Apoyos Didácticos | ||
| 650 | |a Didáctica | ||
| 650 | |a Metodología Educativa | ||
| 650 | |a Proceso Educativo | ||
| 650 | |a Educación Preescolar | ||
| 650 | |a Educación Primaria | ||
| 910 | |a Fondo General | ||
| 920 | |a Impresos - Libros | ||
| 930 | |a Colección General | ||
| 905 | |a 101 | ||
| 901 | |a 0500112164 |b IT1 |c ACC |u 20250521 | ||
| 902 | |a https://opac.biblio.iteso.mx/vufind/Record/000174553 | ||